Communication mosaics : an introduction to the field of communication. / (Record no. 9435)

MARC details
000 -LEADER
fixed length control field 01622cam a2200337 i 4500
001 - CONTROL NUMBER
control field 17221056
003 - CONTROL NUMBER IDENTIFIER
control field OSt
005 - DATE AND TIME OF LATEST TRANSACTION
control field 20230317120604.0
008 - FIXED-LENGTH DATA ELEMENTS--GENERAL INFORMATION
fixed length control field 120321s2014 at a 001 0 eng
010 ## - LIBRARY OF CONGRESS CONTROL NUMBER
LC control number 2012935927
020 ## - INTERNATIONAL STANDARD BOOK NUMBER
International Standard Book Number 9780840028181 (paperback)
020 ## - INTERNATIONAL STANDARD BOOK NUMBER
International Standard Book Number 0840028180 (paperback)
040 ## - CATALOGING SOURCE
Original cataloging agency DLC
Language of cataloging eng
Transcribing agency DLC
Description conventions rda
042 ## - AUTHENTICATION CODE
Authentication code pcc
050 00 - LIBRARY OF CONGRESS CALL NUMBER
Classification number P90.W61
082 00 - DEWEY DECIMAL CLASSIFICATION NUMBER
Classification number 302.2
Edition number 23
100 1# - MAIN ENTRY--PERSONAL NAME
Personal name Wood, Julia T.
9 (RLIN) 1023
245 10 - TITLE STATEMENT
Title Communication mosaics : an introduction to the field of communication. /
Statement of responsibility, etc. Julia T. Wood.
250 ## - EDITION STATEMENT
Edition statement 7th ed.
264 #1 - PRODUCTION, PUBLICATION, DISTRIBUTION, MANUFACTURE, AND COPYRIGHT NOTICE
Place of production, publication, distribution, manufacture Australia ;
-- Boston, MA :
Name of producer, publisher, distributor, manufacturer Wadsworth Cengage Learning,
Date of production, publication, distribution, manufacture, or copyright notice 2014.
300 ## - PHYSICAL DESCRIPTION
Extent xxvi, 374 pages :
Other physical details colored illustrations ;
Dimensions 26 cm
336 ## - CONTENT TYPE
Content type term text
Source rdacontent
337 ## - MEDIA TYPE
Media type term unmediated
Source rdamedia
338 ## - CARRIER TYPE
Carrier type term volume
Source rdacarrier
500 ## - GENERAL NOTE
General note Includes index.
505 ## - FORMATTED CONTENTS NOTE
Formatted contents note Contents: A first look at communication -- The field of communication from historical and contemporary perspectives -- Perceiving and understanding -- Engaging in verbal communication -- Engaging in nonverbal communication -- Listening and responding to others -- Creating communication climates -- Adapting communication to cultures and social communities -- Communication and personal identity -- Communication in personal relationships -- Communication in groups and teams -- Communication in organizations -- Public communication -- Mass communication -- Digital media and the online world --
650 #0 - SUBJECT ADDED ENTRY--TOPICAL TERM
Topical term or geographic name entry element Communication.
9 (RLIN) 8
906 ## - LOCAL DATA ELEMENT F, LDF (RLIN)
a 7
b cbc
c orignew
d 2
e epcn
f 20
g y-gencatlg
942 ## - ADDED ENTRY ELEMENTS (KOHA)
Source of classification or shelving scheme Library of Congress Classification
Koha item type Books
Holdings
Withdrawn status Lost status Source of classification or shelving scheme Damaged status Not for loan Home library Current library Shelving location Date acquired Total Checkouts Full call number Barcode Date last seen Price effective from Koha item type
    Library of Congress Classification     WISCONSIN INTERNATIONAL UNIVERSITY COLLEGE, GHANA KUMASI LIBRARY WISCONSIN INTERNATIONAL UNIVERSITY COLLEGE, GHANA KUMASI LIBRARY General Stacks 09/03/2023   P90.W61(7e) K/2970/0068/23 16/03/2023 16/03/2023 Books

If you have any concerns or questions; kindly contact the library


© Powered by WIUC ICT DIRECTORATE